Top 7 najbiedniejszych krajów świata - Statystyki

Ogólne statystyki
  • Ten quiz został rozwiązany 30 razy
  • Średni wynik to 3 z 7
Statystyki odpowiedzi
PKB na osobę Kraj % Poprawnych
544 USD Somalia
71%
249 USD Burundi
68%
467,07 USD Sudan Południowy
57%
534 USD Republika Środkowo afrykańska
39%
496 USD Malawi
39%
415,09 USD Sierra Leone
32%
536 USD Madagaskar
21%
Nie znaleziono quizów pasujących do podanych kryteriów
Rozkład punktacji
Procent ludzi z każdym wynikiem
Percentyl według liczby udzielonych odpowiedzi
Twoja historia wyników
Nie rozwiązałeś tego quizu